| 000 | 01242nam0a22002651 4500 | ||
|---|---|---|---|
| 001 | rc\2148452 | ||
| 005 | 20110829174121.6 | ||
| 035 | _a(NLR Aleph) 006492494 | ||
| 090 |
_a6147283 _c6147283 |
||
| 100 | _a20110829d1979 |||y0rusy50 ca | ||
| 101 | 0 | _arus | |
| 102 | _aRU | ||
| 105 | _ay z ||||| | ||
| 200 | 1 |
_aСборник задач по советскому уголовному праву _eОбщая часть _eУчеб.- метод. пособие для программир. обучения _fМ-во внутр. дел. СССР, Киев. высш. школа им. Ф.Э. Дзержинского _g[Доц. Н.В. Володько, преп. В.П. Диденко, П.С. Елизаров и др.] _gПод ред. доц. Н.В. Володько |
|
| 210 |
_aКиев _cКВШ _d1979 |
||
| 215 |
_a69 с. _d20 |
||
| 701 | 1 |
_aЕлизаров _bП. С. |
|
| 701 | 1 |
_aДиденко _bВ. П. |
|
| 702 | 1 |
_aВолодько _bН. В. _gНиколай Васильевич _4570 |
|
| 712 | 0 | 2 |
_aКиевская высшая школа МВД СССР им. Ф.Э. Дзержинского _3RU\NLR\AUTH\8810062499 |
| 801 | 0 |
_aRU _bNLR _gpsbo |
|
| 801 | 1 |
_aRU _bELAR _2rusmarc |
|
| 852 |
_aNLR _j80-4/4883 |
||
| 942 | _cBOOK | ||
| 980 | _aNB | ||